000 00442nam a2200181Ia 4500
001 14130
005 20260306164851.0
008 260306t2007||||xx |||||||||||||| ||spa||
041 _aESP
082 _a501
_bK92 2007
100 _aKuhn, Thomas S.
_eAUT
245 0 _aLa estructura de las revoluciones cientĂ­ficas
260 _c2007
300 _a360 páginas :
_c17 cm.
650 _aGEN
654 _aCCN
942 _cLIB
_dJUS
_fJUS
_2ddc
_n
999 _c14130
_d14130